BSOP header

Mastering the Old Testament / (Record no. 13499)

MARC details
000 -LEADER
fixed length control field 00663nam a2200193 4500
008 - FIXED-LENGTH DATA ELEMENTS--GENERAL INFORMATION
fixed length control field 021213s1994 us 0 eng
020 ## - INTERNATIONAL STANDARD BOOK NUMBER
International Standard Book Number 0849935636
090 ## - LOCALLY ASSIGNED LC-TYPE CALL NUMBER (OCLC); LOCAL CALL NUMBER (OCLC)
Classification number (OCLC) (R) ; Classification number, CALL (RLIN) (NR) BS1151.2
Local cutter number (OCLC) ; Book number/undivided call number, CALL (RLIN) M39o
-- IsaII
100 1# - MAIN ENTRY--PERSONAL NAME
Personal name McKenna, David L.
245 10 - TITLE STATEMENT
Title Mastering the Old Testament /
Statement of responsibility, etc David L. McKenna; edited by Lloyd Ogilvie.
260 ## - PUBLICATION, DISTRIBUTION, ETC. (IMPRINT)
Place of publication, distribution, etc Nashville :
Name of publisher, distributor, etc Word Publishing,
Date of publication, distribution, etc c1994.
300 ## - PHYSICAL DESCRIPTION
Extent 387-668 p.
490 1# - SERIES STATEMENT
Series statement The communicators commentary
504 ## - BIBLIOGRAPHY, ETC. NOTE
Bibliography, etc Biblio: pp. 667-668
505 0# - FORMATTED CONTENTS NOTE
Formatted contents note Isaiah 40-66
650 #4 - SUBJECT ADDED ENTRY--TOPICAL TERM
Topical term or geographic name as entry element Bible. O.T. Isaiah LX-LXVI
General subdivision Commentaries.
951 ## - EQUIVALENCE OR CROSS-REFERENCE-GEOGRAPHIC NAME/AREA NAME [OBSOLETE] [CAN/MARC only]
General subdivision 00002903
700 1# - ADDED ENTRY--PERSONAL NAME
Personal name Ogilvie, Lloyd
951 ## - EQUIVALENCE OR CROSS-REFERENCE-GEOGRAPHIC NAME/AREA NAME [OBSOLETE] [CAN/MARC only]
-- 17314
-- BS1151.2/M39o/IsaII
-- 070613111157937
-- 2000-12-21
-- GC
Holdings
Withdrawn status Lost status Damaged status Not for loan Home library Current library Shelving location Date acquired Accession number Shelving control number Total Checkouts Full call number Barcode Date last seen Price effective from Koha item type
        BSOP Library BSOP Library GC 12/21/2000 17314 127   BS1151.2/M39o/IsaII 00002903 02/23/2013 02/23/2013 Books
BSOP

Biblical Seminary of the Philippines
  All rights Reserved
  © 2024

CONTACT INFORMATION

Biblical Seminary of the Philippines,
  77-B Karuhatan Road, Valenzuela City,
  PHILIPPINES 1441
  Phone: +632 8292-6795 / 8292-6798
  Fax : +632 8292-6675
  Email: library@bsop.edu.ph